000 01133nam a2200301 a 4500
001 4844867
005 19910318095218.4
008 901115s1990 enka b 001 0 eng
020 _a0750686685
020 _a9780750686686
040 _aDLC
_cDLC
050 0 0 _aTA658
_b.D73 1990
082 0 0 _a624.1771
_222
_bDRA
100 1 _aDraycott, Trevor.
_923425
245 1 0 _aStructural Elements Design Manual Working with Eurocodes /
_cTrevor Draycott, Peter Bullman
250 _a2nd ed.
260 _aAmsterdam :
_bButterworth-Heinemann, 2009
_c2009
300 _ax, 260 p. :
_bill. ;
_c25 cm.
504 _aIncludes bibliographical references and index.
650 0 _aStructural design.
_923426
650 0 _aEurocodes (Standards)
_923428
650 0 _aBuilding materials.
_918903
653 _bCiv
_cApril2011
700 _923427
_aBullman, Peter
942 _2ddc
_cBB
999 _c15203
_d15203